Si me lo hubieran dicho antes: consejos para gerentes y empresarios (Registro nro. 7761)
[ vista simple ]
| 000 -Cabecera | |
|---|---|
| Campo de control de longitud fija | 01291nam a22004337a 4500 |
| 005 - Fecha y hora de la última transacción | |
| Campo de control | 20250805155333.0 |
| 008 - Elementos de longitud fija--Información general | |
| Campo de control de longitud fija | 160302b2015 xxu||||| |||| 00| 0 spa d |
| 020 ## - International Standard Book Number | |
| Número Internacional Estándar del Libro (ISBN) | 9789968479047 |
| 041 ## - Idioma | |
| Código de idioma | Español |
| 082 ## - Clasificación Decimal Dewey | |
| Número de clasificación | 658.409.2 G958s |
| 100 ## - Entrada principal--Autor personal | |
| Nombre personal | Guillén Miranda, Erick |
| 9 (RLIN) | 6230 |
| 245 ## - Título propiamente dicho | |
| Título | Si me lo hubieran dicho antes: consejos para gerentes y empresarios |
| 260 ## - Pie de imprenta | |
| Lugar de publicación, distribución, etc. | Costa Rica |
| 260 ## - Pie de imprenta | |
| Nombre del editor, distribuidor, etc. | E. Guillén |
| 260 ## - Pie de imprenta | |
| Fecha de publicación, distribución, etc. | 2015 |
| 300 ## - Descripción física | |
| Extensión | 221 páginas |
| 490 ## - Serie | |
| Título de la Serie | Dirección y Administración de Empresas |
| 650 ## - Materia general | |
| Temática (materia general) | LIDERAZGO EJECUTIVO |
| 650 ## - Materia general | |
| Temática (materia general) | EMPRENDEDURISMO |
| 650 ## - Materia general | |
| Temática (materia general) | GERENCIA DE PROYECTOS |
| 650 ## - Materia general | |
| Temática (materia general) | JÓVENES EJECUTIVOS |
| 650 ## - Materia general | |
| Temática (materia general) | CUANTO COBRAR POR LOS SERVICIOS |
| 650 ## - Materia general | |
| Temática (materia general) | LA BUENAS ACTITUD |
| 650 ## - Materia general | |
| Temática (materia general) | RECOMENDACIONES PARA NOVATOS |
| 650 ## - Materia general | |
| Temática (materia general) | ETIQUETA |
| 650 ## - Materia general | |
| Temática (materia general) | ETIQUETA EN LA MESA |
| 650 ## - Materia general | |
| Temática (materia general) | PROTOCOLO |
| 650 ## - Materia general | |
| Temática (materia general) | TRAJE Y CORBATA |
| 650 ## - Materia general | |
| Temática (materia general) | VIAJES AL EXTERIOR |
| 650 ## - Materia general | |
| Temática (materia general) | LECCIONES PARA EMPRENDEDORES |
| 650 ## - Materia general | |
| Temática (materia general) | CONSEJOS SOBRE GERENCIA |
| 650 ## - Materia general | |
| Temática (materia general) | MANEJO ESTRATÉGICO DE LAS RELACIONES BANCARIAS |
| 650 ## - Materia general | |
| Temática (materia general) | MANEJO DE REUNIONES |
| 650 ## - Materia general | |
| Temática (materia general) | MANEJO DEL PERSONAL A CARGO |
| 650 ## - Materia general | |
| Temática (materia general) | JUNTAS DIRECTIVAS |
| 650 ## - Materia general | |
| Temática (materia general) | MANEJO DEL DINERO |
| 650 ## - Materia general | |
| Temática (materia general) | TEMAS PERSONALES |
| 942 ## - Punto de acceso adicional KOHA | |
| Tipo de ítem KOHA | Libro |
| Fuente del sistema de clasificación o colocación | Dewey Decimal Classification |
| Signatura completa | Código de barras | Programa Académico | Tipo de ítem |
|---|---|---|---|
| 658.409 2 G958s | 20595 | Dirección y Administración de Empresas | Libro |
| 658.409 2 G958s | 20596 | Dirección y Administración de Empresas | Libro |
| 658.409 2 G958s | 20597 | Dirección y Administración de Empresas | Libro |